BWL-Quiz 1 - Statistiken

Allgemein
  • Dieses Quiz wurde 408 mal gespielt
  • Das Durchschnittsergebnis liegt bei 10 aus 15
Antwortstatistiken
Beschreibung Begriff % Korrekt
BWL ausgeschrieben Betriebswirtschaftslehre
95%
Einfuhr von Waren aus dem Ausland Import
84%
Steigt der Preis, sinkt für gewöhnlich die..... Nachfrage
84%
Bezeichnung für den Gesamtbetrag, welchen ein Unternehmen im Jahr erwirtschaftet hat, nicht zu verwechseln mit dem Gewinn Umsatz
81%
Rechtsform von großen Kapitalgesellschaften (Abkürzung) AG
80%
Marktform, bei welcher es nur einen Anbieter gibt, jedoch eine hohe Nachfrage besteht Monopol
79%
Buchhaltung: Soll und.... Haben
77%
Überbegriff für Maßnahmen, mit denen Firmen ihre Produkte den Kunden gegenüber positiv darstellen möchten; oft schlicht Werbung genannt Marketing
75%
Kosten eines Unternehmens, die konstant anfallen, z.B. Löhne, Strom usw. Fixkosten
72%
Preisnachlass, der dem Käufer gewährt wird, wenn er innerhalb einer bestimmten Frist zahlt Skonto
71%
Zusammenschluss von Personen innerhalb eines Betriebes, welche die Interessen der Mitarbeiter vertreten Betriebsrat
62%
Teilgebiet der BWL, das sich mit der Buchhaltung beschäftigt Rechnungswesen
51%
Begriff für Gewinne, die ein Unternehmen zur Sicherheit "auf die Seite legt", viele Firmen haben diese während der Corona-Pandemie aufgebraucht Rücklagen
44%
Bevollmächtigter innerhalb eines Betriebes, der bestimmte Tätigkeiten, die sonst dem Geschäftsführer vorbehalten sind, durchführen darf Prokurist
42%
Fachbegriff für Kreditwürdigkeit (ist die finanzielle Situation einer Person gut genug, damit die Bank ihr einen Kredit geben kann) Bonität
34%
Keine übereinstimmenden Quizze gefunden
Verteilung der Resultate
Anzahl Personen mit jedem Resultat
Perzentil nach korrekt beantworteten Fragen
Ihre Resultats-Entwicklung
Sie haben dieses Quiz noch nicht gespielt